| 000 | 00749nam a2200265Ia 4500 | ||
|---|---|---|---|
| 001 | Para_4776 | ||
| 003 | CHAP | ||
| 008 | 220125s1924 xx 000 0 und d | ||
| 010 | _a204706 | ||
| 040 | _cCHAP | ||
| 090 | _aPA FOLLETO 2178 | ||
| 100 |
_aMcClelland, T. B. _973388 |
||
| 245 |
_aCoffee varieties in Porto Rico / _c T. B. McClelland |
||
| 260 |
_aMayaguez : _b Porto Rico Agr. Exp. Sta. |
||
| 300 | _a25 p. | ||
| 440 |
_aPuerto Rico. Agr. Exp. Sta. Bull.; 30 _9170690 |
||
| 650 |
_aCafé _x Variedades Café _x Puerto Rico _9170691 |
||
| 901 | _aPA FOLLETO 2178 | ||
| 902 | _aA | ||
| 905 | _a0000001924 MAYa 0000000000 00 | ||
| 910 | _a1924 | ||
| 942 | _cPARA | ||
| 942 |
_cPARA _d1 |
||
| 999 |
_c204706 _d204706 |
||